Pension and widows' and orphans' funds : (Record no. 46929)
[ view plain ]
| 000 -LEADER | |
|---|---|
| fixed length control field | 00824nam a2200241 a 4500 |
| 001 - CONTROL NUMBER | |
| control field | 46929 |
| 003 - CONTROL NUMBER IDENTIFIER | |
| rucl marc code | BD- RJUL |
| 005 - DATE AND TIME OF LATEST TRANSACTION | |
| control field | 20211209054230.0 |
| 008 - FIXED-LENGTH DATA ELEMENTS--GENERAL INFORMATION | |
| fixed length control field | 500101s1953 enk 000 0 eng d |
| 035 ## - SYSTEM CONTROL NUMBER | |
| System control number | (BD- RJUL)47048 |
| 040 ## - CATALOGING SOURCE | |
| Original cataloging agency | ESU |
| Transcribing agency | ESU |
| Modifying agency | EQO |
| -- | BD- RJU |
| Language of cataloging | eng |
| 041 ## - LANGUAGE CODE | |
| Language code of text/sound track or separate title | eng |
| 082 ## - DEWEY DECIMAL CLASSIFICATION NUMBER | |
| Edition number | 23 |
| Classification number | 344.01252 |
| Author mark and year | CRP 1953 |
| 100 10 - MAIN ENTRY--PERSONAL NAME | |
| Personal name | Crabbe, R. J. W. |
| 9 (RLIN) | 142949 |
| 245 10 - TITLE STATEMENT | |
| Title | Pension and widows' and orphans' funds : |
| Statement of responsibility, etc. | by R.J.W. Crabbe and C.A. Poyser |
| 260 ## - PUBLICATION, DISTRIBUTION, ETC. (IMPRINT) | |
| Place of publication, distribution, etc. | Cambridge : |
| Name of publisher, distributor, etc. | Published for the Institute of Actuaries and the Faculty of Actuaries at the University Press, |
| Date of publication, distribution, etc. | 1953 |
| 300 ## - PHYSICAL DESCRIPTION | |
| Pagination | vii, 240 p. ; |
| Size | 22 cm |
| 500 ## - GENERAL NOTE | |
| General note | Includes index |
| 650 #0 - SUBJECT ADDED ENTRY--TOPICAL TERM | |
| Topical term or geographic name as entry element | Old age pensions |
| Geographic subdivision | Great Britain. |
| 9 (RLIN) | 142950 |
| 700 1# - ADDED ENTRY--PERSONAL NAME | |
| Personal name | Poyser, Cyril Alexander. |
| 710 1# - ADDED ENTRY--CORPORATE NAME | |
| Corporate name or jurisdiction name as entry element | Great Britain. |
| Title of a work | Laws, etc. |
| 9 (RLIN) | 134290 |
| 942 ## - ADDED ENTRY ELEMENTS (KOHA) | |
| Source of classification or shelving scheme | Dewey Decimal Classification |
| Koha item type | Books |
| Lost status | Source of classification or shelving scheme | Damaged status | Not for loan | Collection code | Permanent Location | Current Location | Shelving location | Date acquired | Source of acquisition | Cost, normal purchase price | Total Checkouts | Full call number | Date last seen | Copy number | Koha item type |
|---|---|---|---|---|---|---|---|---|---|---|---|---|---|---|---|
| Dewey Decimal Classification | Non-fiction | Central Library, University of Rajshahi | Central Library, University of Rajshahi | 19/10/1962 | zeitlinger | 22.00 | 344.01252 CRP 1953 | 06/08/2016 | C-2 | Books |